000 02636nam a22002297a 4500
003 GR-AtMCL
005 20260128121329.0
006 a|||||r|||||||||||
008 s2017|||| g ||| gre d
020 _a9789601680842
040 _bgre
_aGR-AtMCL
_dGR-AtMCL
_eAACR2
041 1 _hfre
100 _aColombani, Laetitia
_910311
245 0 2 _aΗ πλεξούδα :
_bμυθιστόρημα /
_cΛετισιά Κολομπανί ; επιμέλεια-διόρθωση Ιωάννα Ανδρέου
260 _aΑθήνα :
_bΕκδόσεις Πατάκη,
_c2021
300 _a269 σ.;
_b21 εκ.
500 _aΤίτλος πρωτοτύπου: La tresse
520 _a Στην "Πλεξούδα" διασταυρώνονται οι ζωές και η μοίρα τριών γυναικών που δε θα συναντηθούν ποτέ. Η πρώτη είναι η Σμίτα, η οποία ανήκει στην κάστα των Ανέγγιχτων, δηλαδή στο χαμηλότερο σκαλοπάτι της ινδικής κοινωνίας. Οι συνθήκες κάτω απ’ τις οποίες ζει είναι άθλιες, όπως και η δουλειά της στα αποχωρητήρια. Έχει όμως άλλα όνειρα για τη μικρή της κόρη κι αυτό θα την οδηγήσει στο να πάρει μια παράτολμη απόφαση. Η δεύτερη είναι η Τζούλια από το Παλέρμο. Είναι αποφασισμένη να βρει λύση ώστε να μη χαθεί η βιοτεχνία του πατέρα της, που μοιάζει να βρίσκεται σε αδιέξοδο λόγω της αλλαγής των συνθηκών. Η τρίτη είναι η Σάρα, εξαιρετικά επιτυχημένη δικηγόρος στο Μόντρεαλ, που βλέπει τον κόσμο της να κλυδωνίζεται, μαζί με την υγεία της, καθώς έρχεται αντιμέτωπη με τον κοινωνικό αποκλεισμό του εργασιακού της περιβάλλοντος όταν αποκαλύπτεται πως πάσχει από καρκίνο. Οι ιστορίες αυτών των τριών γυναικών, που καλούνται να παλέψουν ενάντια στη μοίρα τους, είναι άρρηκτα δεμένες με ένα παράξενο νήμα που κι οι ίδιες δε γνωρίζουν.
650 0 _aΓαλλική λογοτεχνία
_910310
942 _cBK
999 _c10089
_d10089